| 000 | 00682nam a22002172 4500 | ||
|---|---|---|---|
| 001 | 0000020311 | ||
| 005 | 20151217154439.0 | ||
| 008 | 110912s xx 000 0 eng d | ||
| 020 | _a1405186179 : | ||
| 040 |
_aKABU _cKABU |
||
| 100 | 1 |
_aEllis, Harold. _@0000180472 |
|
| 245 | 1 | 0 |
_aClinical anatomy : _bapplied anatomy for students and junior doctors / _cHarold Ellis, Vishy Mahadevan. |
| 250 | _a12th ed. | ||
| 260 |
_aHoboken, NJ. : _bJ. Wiley, _c2010. |
||
| 300 | _axvi, 470 p. | ||
| 650 | 0 |
_aHuman anatomy. _@0000155598 |
|
| 700 | 1 |
_aMahadevan, Vishy. _@0000180473 |
|
| 852 | 1 | _9p3895 KES | |
| 908 | _a110912 | ||
| 950 | _@1 | ||
| 999 |
_c11344 _d11344 |
||